000 00672nam a22001937a 4500
005 20180626120849.0
010 _aB-161013
020 _a9780789024039
035 _aB-161013
037 _adpl
_bHoworth Information Press
082 _a025.00285
245 _aManaging digital resources in libraries/
_cedited by Audrey Fenner
260 _aBinghamton
_bHoworth Information Press
_c2005
270 _a10 Alice street
_bBinghamton
_eNY 13904-1580
300 _a186p.
_c21cm(Pb)
700 _aAudrey Fenner
942 _2ddc
_cEN
_h025.00285
_mMAN
999 _c153094
_d153094